[Event "Masters Tournament (MTO)"]
[Site "Biel, CH"]
[Date "2025.07.14"]
[Round "1"]
[White "Sanket Chakravarty"]
[Black "Papaux, Jeremie"]
[Result "1-0"]
[Board "23"]
[WhiteFideId "25032038"]
[BlackFideId "1340867"]
[WhiteTitle "IM"]
[WhiteElo "2301"]
[BlackElo "2020"]
[WhiteTeam "IND"]
[BlackTeam "SUI"]
[WhiteClock "1:20:38"]
[BlackClock "0:07:25"]
[Variant "Standard"]

1. c4 {[%clk 1:33:48]}  e6 {[%clk 1:40:35]} 2. Nf3 {[%clk 1:34:06]}  d5 {[%clk 1:40:45]} 3. e3 {[%clk 1:34:27]}  Nf6 {[%clk 1:40:59]} 4. Nc3 {[%clk 1:34:46]}  Be7 {[%clk 1:41:12]} 5. b3 {[%clk 1:34:52]}  O-O {[%clk 1:41:01]} 6. Bb2 {[%clk 1:35:14]}  c5 {[%clk 1:37:55]} 7. cxd5 {[%clk 1:35:33]}  exd5 {[%clk 1:38:18]} 8. d4 {[%clk 1:35:54]}  Nc6 {[%clk 1:32:54]} 9. Bb5 {[%clk 1:36:07]}  Bg4 {[%clk 1:26:29]} 10. dxc5 {[%clk 1:36:28]}  Bxc5 {[%clk 1:21:42]} 11. O-O {[%clk 1:21:01]}  Qe7 {[%clk 1:06:35]} 12. Nxd5 {[%clk 1:33:34]}  Nxd5 {[%clk 1:05:29]} 13. Qxd5 {[%clk 0:55:16]}  Rfd8 {[%clk 0:24:16]} 14. Qg5 {[%clk 1:34:10]}  Qxg5 {[%clk 0:24:37]} 15. Nxg5 {[%clk 1:34:35]}  Ne7 {[%clk 0:19:50]} 16. Rac1 {[%clk 1:30:57]}  Bb6 {[%clk 0:22:59]} 17. Bc4 {[%clk 1:29:29]}  Bh5 {[%clk 0:22:15]} 18. g4 {[%clk 1:29:38]}  Bg6 {[%clk 0:21:24]} 19. Rfd1 {[%clk 1:30:00]}  h5 {[%clk 0:20:18]} 20. h3 {[%clk 1:27:33]}  a6 {[%clk 0:18:23]} 21. Kf1 {[%clk 1:27:47]}  Rxd1+ {[%clk 0:15:55]} 22. Rxd1 {[%clk 1:26:50]}  Rd8 {[%clk 0:15:33]} 23. Rxd8+ {[%clk 1:26:54]}  Bxd8 {[%clk 0:15:18]} 24. Ke2 {[%clk 1:26:32]}  Nc6 {[%clk 0:16:24]} 25. Nf3 {[%clk 1:24:08]}  hxg4 {[%clk 0:14:14]} 26. hxg4 {[%clk 1:23:56]}  b5 {[%clk 0:14:33]} 27. Bd5 {[%clk 1:26:18]}  Nb4 {[%clk 0:14:19]} 28. Bb7 {[%clk 1:26:42]}  a5 {[%clk 0:11:14]} 29. Nd4 {[%clk 1:21:49]}  Nd3 {[%clk 0:07:08]} 30. Nc6 {[%clk 1:18:34]}  Bc7 {[%clk 0:09:30]} 31. Ne7+ {[%clk 1:18:49]}  Kh7 {[%clk 0:09:25]} 32. Nxg6 {[%clk 1:18:16]}  Nxb2 {[%clk 0:09:43]} 33. Ne7 {[%clk 1:17:01]}  a4 {[%clk 0:08:45]} 34. Bc6 {[%clk 1:15:01]}  axb3 {[%clk 0:06:57]} 35. axb3 {[%clk 1:19:19]}  b4 {[%clk 0:07:08]} 36. Kd2 {[%clk 1:19:12]}  Be5 {[%clk 0:07:20]} 37. Kc2 {[%clk 1:19:02]}  g6 {[%clk 0:06:49]} 38. Nd5 {[%clk 1:19:56]}  Bc3 {[%clk 0:07:04]} 39. Nxc3 {[%clk 1:20:11]}  bxc3 {[%clk 0:07:25]} 40. Bf3 {[%clk 1:20:38]} 1-0

[Event "Masters Tournament (MTO)"]
[Site "Biel, CH"]
[Date "2025.07.14"]
[Round "1"]
[White "Stefan, Iulia-Cristiana"]
[Black "Kueppers, Timo"]
[Result "0-1"]
[Board "24"]
[WhiteFideId "1273876"]
[BlackFideId "16205820"]
[WhiteTitle "WCM"]
[BlackTitle "FM"]
[WhiteElo "2017"]
[BlackElo "2292"]
[WhiteTeam "ROU"]
[BlackTeam "GER"]
[WhiteClock "0:00:41"]
[BlackClock "0:14:13"]
[Variant "Standard"]

1. d4 {[%clk 1:40:58]}  Nf6 {[%clk 1:40:51]} 2. Nf3 {[%clk 1:41:23]}  g6 {[%clk 1:39:58]} 3. c4 {[%clk 1:41:19]}  Bg7 {[%clk 1:39:39]} 4. Nc3 {[%clk 1:41:41]}  O-O {[%clk 1:40:03]} 5. e3 {[%clk 1:42:01]}  c5 {[%clk 1:37:42]} 6. d5 {[%clk 1:42:09]}  d6 {[%clk 1:35:53]} 7. e4 {[%clk 1:38:38]}  e6 {[%clk 1:32:11]} 8. Nd2 {[%clk 1:30:24]}  exd5 {[%clk 1:26:27]} 9. cxd5 {[%clk 1:30:45]}  Na6 {[%clk 1:26:49]} 10. Be2 {[%clk 1:30:30]}  Nc7 {[%clk 1:27:05]} 11. a4 {[%clk 1:28:35]}  Re8 {[%clk 1:25:04]} 12. O-O {[%clk 1:28:23]}  Rb8 {[%clk 1:23:31]} 13. f3 {[%clk 1:23:19]}  b6 {[%clk 1:22:37]} 14. Nc4 {[%clk 1:20:52]}  Ba6 {[%clk 1:22:15]} 15. Bf4 {[%clk 1:18:43]}  Bxc4 {[%clk 1:13:58]} 16. Bxc4 {[%clk 1:19:11]}  Nh5 {[%clk 1:13:27]} 17. Be3 {[%clk 1:13:05]}  a6 {[%clk 0:48:13]} 18. g4 {[%clk 1:01:52]}  b5 {[%clk 0:44:13]} 19. axb5 {[%clk 1:00:01]}  axb5 {[%clk 0:41:02]} 20. Be2 {[%clk 0:47:14]}  Nf6 {[%clk 0:39:55]} 21. Bf4 {[%clk 0:48:37]}  Rb6 {[%clk 0:22:01]} 22. Ra5 {[%clk 0:30:04]}  Qb8 {[%clk 0:27:05]} 23. Qb3 {[%clk 0:20:01]}  c4 {[%clk 0:15:35]} 24. Qc2 {[%clk 0:10:46]}  Nd7 {[%clk 0:07:59]} 25. Na2 {[%clk 0:03:39]}  Ra6 {[%clk 0:22:09]} 26. Rxa6 {[%clk 0:03:30]}  Nxa6 {[%clk 0:22:34]} 27. b3 {[%clk 0:02:54]}  c3 {[%clk 0:15:07]} 28. Qd3 {[%clk 0:01:51]}  Nac5 {[%clk 0:14:54]} 29. Qxb5 {[%clk 0:01:52]}  Qa7 {[%clk 0:13:50]} 30. b4 {[%clk 0:00:43]}  Nd3+ {[%clk 0:13:29]} 31. Kh1 {[%clk 0:00:37]}  Nxf4 {[%clk 0:13:53]} 32. Bc4 {[%clk 0:00:35]}  Rb8 {[%clk 0:13:10]} 33. Qc6 {[%clk 0:00:44]}  Ne5 {[%clk 0:13:18]} 34. Qa6 {[%clk 0:00:39]}  Qxa6 {[%clk 0:13:12]} 35. Bxa6 {[%clk 0:01:07]}  Ned3 {[%clk 0:13:18]} 36. b5 {[%clk 0:00:38]}  c2 {[%clk 0:13:43]} 37. Nc1 {[%clk 0:00:37]}  Bb2 {[%clk 0:13:49]} 38. Nxd3 {[%clk 0:00:41]}  Nxd3 {[%clk 0:14:13]} 0-1

[Event "Masters Tournament (MTO)"]
[Site "Biel, CH"]
[Date "2025.07.14"]
[Round "1"]
[White "Song, Ethan"]
[Black "Mueller, Konstantin"]
[Result "1-0"]
[Board "25"]
[WhiteFideId "62900412"]
[BlackFideId "34661778"]
[WhiteTitle "FM"]
[WhiteElo "2288"]
[BlackElo "2017"]
[WhiteTeam "CAN"]
[BlackTeam "GER"]
[WhiteClock "0:17:26"]
[BlackClock "0:02:12"]
[Variant "Standard"]

1. e4 {[%clk 1:40:56]}  e5 {[%clk 1:40:55]} 2. Nf3 {[%clk 1:40:42]}  Nc6 {[%clk 1:40:40]} 3. Bb5 {[%clk 1:40:33]}  Nf6 {[%clk 1:40:07]} 4. d3 {[%clk 1:36:13]}  d6 {[%clk 1:35:37]} 5. O-O {[%clk 1:35:08]}  Be7 {[%clk 1:34:09]} 6. Re1 {[%clk 1:34:43]}  O-O {[%clk 1:32:53]} 7. c3 {[%clk 1:30:03]}  a6 {[%clk 1:26:50]} 8. Bxc6 {[%clk 1:29:32]}  bxc6 {[%clk 1:23:48]} 9. h3 {[%clk 1:28:42]}  c5 {[%clk 1:22:32]} 10. Nbd2 {[%clk 1:17:35]}  Be6 {[%clk 1:17:42]} 11. Qc2 {[%clk 1:09:27]}  c6 {[%clk 1:13:54]} 12. d4 {[%clk 1:01:30]}  Nd7 {[%clk 1:10:57]} 13. dxe5 {[%clk 1:00:00]}  dxe5 {[%clk 1:04:08]} 14. Nf1 {[%clk 0:56:28]}  Qc7 {[%clk 1:00:18]} 15. Ne3 {[%clk 0:51:49]}  Rfd8 {[%clk 0:55:45]} 16. Nf5 {[%clk 0:46:36]}  Bxf5 {[%clk 0:54:50]} 17. exf5 {[%clk 1:01:52]}  Re8 {[%clk 0:49:02]} 18. Qe4 {[%clk 0:57:42]}  Nf6 {[%clk 0:48:37]} 19. Qc4 {[%clk 0:55:16]}  Bd6 {[%clk 0:44:15]} 20. Bg5 {[%clk 0:54:07]}  Nd5 {[%clk 0:41:16]} 21. Nd2 {[%clk 0:47:03]}  Qd7 {[%clk 0:35:35]} 22. Qg4 {[%clk 0:43:52]}  f6 {[%clk 0:32:14]} 23. Be3 {[%clk 0:40:50]}  Bf8 {[%clk 0:30:52]} 24. Ne4 {[%clk 0:45:10]}  c4 {[%clk 0:25:53]} 25. Rad1 {[%clk 0:42:20]}  Qb7 {[%clk 0:24:32]} 26. Bc1 {[%clk 0:39:34]}  Rad8 {[%clk 0:22:31]} 27. Nd2 {[%clk 0:34:41]}  Nb6 {[%clk 0:21:13]} 28. Nxc4 {[%clk 0:34:20]}  Nxc4 {[%clk 0:21:06]} 29. Qxc4+ {[%clk 0:33:41]}  Rd5 {[%clk 0:19:51]} 30. Qe2 {[%clk 0:32:25]}  Red8 {[%clk 0:18:22]} 31. c4 {[%clk 0:30:48]}  R5d7 {[%clk 0:16:35]} 32. Rxd7 {[%clk 0:30:15]}  Qxd7 {[%clk 0:15:30]} 33. Qe4 {[%clk 0:29:08]}  Bb4 {[%clk 0:17:36]} 34. Rf1 {[%clk 0:35:48]}  Bc5 {[%clk 0:12:10]} 35. b3 {[%clk 0:28:12]}  Qd6 {[%clk 0:09:17]} 36. Qf3 {[%clk 0:29:46]}  Bd4 {[%clk 0:05:51]} 37. Be3 {[%clk 0:28:42]}  Qd7 {[%clk 0:05:51]} 38. b4 {[%clk 0:28:24]}  Qb7 {[%clk 0:04:21]} 39. a3 {[%clk 0:24:05]}  Qb6 {[%clk 0:03:17]} 40. c5 {[%clk 0:22:55]}  Qb7 {[%clk 0:30:00]} 41. Rd1 {[%clk 0:15:11]}  a5 {[%clk 0:28:12]} 42. Bxd4 {[%clk 0:11:57]}  Rxd4 {[%clk 0:24:35]} 43. Qb3+ {[%clk 0:46:16]}  Kf8 {[%clk 0:24:12]} 44. Rb1 {[%clk 0:40:40]}  axb4 {[%clk 0:19:47]} 45. axb4 {[%clk 0:38:46]}  h6 {[%clk 0:17:44]} 46. Kh2 {[%clk 0:34:15]}  Rf4 {[%clk 0:13:28]} 47. f3 {[%clk 0:40:16]}  Rd4 {[%clk 0:11:36]} 48. Kh1 {[%clk 0:35:50]}  e4 {[%clk 0:07:53]} 49. fxe4 {[%clk 0:36:22]}  Rxe4 {[%clk 0:05:58]} 50. Qc3 {[%clk 0:34:00]}  Re5 {[%clk 0:02:30]} 51. Qc2 {[%clk 0:32:24]}  Qe7 {[%clk 0:01:28]} 52. Qf2 {[%clk 0:31:39]}  Qd7 {[%clk 0:00:55]} 53. Rf1 {[%clk 0:30:30]}  Re4 {[%clk 0:00:15]} 54. Qb2 {[%clk 0:29:37]}  Qb7 {[%clk 0:06:18]} 55. Qd2 {[%clk 0:27:41]}  Kg8 {[%clk 0:05:38]} 56. Rb1 {[%clk 0:27:00]}  Re5 {[%clk 0:02:47]} 57. Qd6 {[%clk 0:25:35]}  Qc8 {[%clk 0:00:48]} 58. Ra1 {[%clk 0:23:13]}  Kh7 {[%clk 0:02:55]} 59. Rc1 {[%clk 0:22:46]}  Qb7 {[%clk 0:02:46]} 60. Rc4 {[%clk 0:23:46]}  Qa6 {[%clk 0:00:52]} 61. Qd4 {[%clk 0:22:50]}  Qc8 {[%clk 0:02:32]} 62. Rc1 {[%clk 0:22:08]}  Qc7 {[%clk 0:00:12]} 63. b5 {[%clk 0:20:37]}  cxb5 {[%clk 0:02:42]} 64. c6 {[%clk 0:19:24]}  Re8 {[%clk 0:01:33]} 65. Qg4 {[%clk 0:18:57]}  Rd8 {[%clk 0:00:21]} 66. Qe4 {[%clk 0:17:57]}  Rb8 {[%clk 0:01:13]} 67. Qb4 {[%clk 0:17:13]}  Rb6 {[%clk 0:01:32]} 68. Qg4 {[%clk 0:19:11]}  Rb8 {[%clk 0:01:31]} 69. Qe4 {[%clk 0:18:38]}  Rd8 {[%clk 0:01:24]} 70. Qe6 {[%clk 0:18:06]}  Rd6 {[%clk 0:01:13]} 71. Qxd6 {[%clk 0:15:25]}  Qxd6 {[%clk 0:01:45]} 72. c7 {[%clk 0:16:16]}  b4 {[%clk 0:01:18]} 73. c8=Q {[%clk 0:15:42]}  b3 {[%clk 0:02:07]} 74. Qc3 {[%clk 0:15:20]}  Qf4 {[%clk 0:01:57]} 75. Rb1 {[%clk 0:14:45]}  Qxf5 {[%clk 0:02:12]} 76. Qxb3 {[%clk 0:17:26]} 1-0

[Event "Masters Tournament (MTO)"]
[Site "Biel, CH"]
[Date "2025.07.14"]
[Round "1"]
[White "Talwalkar, Vedant"]
[Black "Chen, Yuan"]
[Result "0-1"]
[Board "26"]
[WhiteFideId "30962498"]
[BlackFideId "8618860"]
[WhiteTitle "FM"]
[WhiteElo "2014"]
[BlackElo "2286"]
[WhiteTeam "USA"]
[BlackTeam "CHN"]
[WhiteClock "0:21:28"]
[BlackClock "0:59:18"]
[Variant "Standard"]

1. e4 {[%clk 1:32:58]}  c5 {[%clk 1:40:36]} 2. Nf3 {[%clk 1:31:49]}  Nf6 {[%clk 1:40:27]} 3. Nc3 {[%clk 1:33:02]}  d5 {[%clk 1:39:00]} 4. exd5 {[%clk 1:28:25]}  Nxd5 {[%clk 1:35:46]} 5. d4 {[%clk 1:25:56]}  Nxc3 {[%clk 1:38:29]} 6. bxc3 {[%clk 1:23:54]}  g6 {[%clk 1:38:31]} 7. h3 {[%clk 1:20:55]}  Bg7 {[%clk 1:38:43]} 8. Bc4 {[%clk 1:20:45]}  Nc6 {[%clk 1:25:47]} 9. Be3 {[%clk 1:17:37]}  O-O {[%clk 1:28:09]} 10. O-O {[%clk 1:16:38]}  Qa5 {[%clk 1:18:56]} 11. Qe1 {[%clk 1:06:45]}  Bf5 {[%clk 1:26:45]} 12. Bb3 {[%clk 1:06:52]}  Rac8 {[%clk 1:14:44]} 13. Rd1 {[%clk 1:00:01]}  cxd4 {[%clk 1:09:20]} 14. cxd4 {[%clk 1:04:40]}  Qxe1 {[%clk 1:07:10]} 15. Nxe1 {[%clk 1:02:43]}  Na5 {[%clk 1:07:45]} 16. Rc1 {[%clk 0:58:48]}  Rfd8 {[%clk 0:56:29]} 17. c3 {[%clk 0:49:59]}  Be4 {[%clk 0:48:49]} 18. Nf3 {[%clk 0:43:32]}  Bd5 {[%clk 1:00:07]} 19. Bxd5 {[%clk 0:43:42]}  Rxd5 {[%clk 0:57:11]} 20. Rfe1 {[%clk 0:40:21]}  e6 {[%clk 1:00:49]} 21. Bf4 {[%clk 0:38:12]}  Nc4 {[%clk 0:57:09]} 22. Rb1 {[%clk 0:34:22]}  b6 {[%clk 0:52:49]} 23. Rec1 {[%clk 0:31:04]}  Ra5 {[%clk 0:51:02]} 24. Ne1 {[%clk 0:25:30]}  g5 {[%clk 0:57:24]} 25. Bg3 {[%clk 0:20:48]}  Rxa2 {[%clk 0:57:40]} 26. Ra1 {[%clk 0:20:44]}  Rxa1 {[%clk 0:57:55]} 27. Rxa1 {[%clk 0:20:22]}  Na5 {[%clk 0:58:03]} 28. Nf3 {[%clk 0:21:04]}  h6 {[%clk 0:57:51]} 29. Rc1 {[%clk 0:20:45]}  Nb3 {[%clk 0:58:11]} 30. Rc2 {[%clk 0:21:09]}  Nxd4 {[%clk 0:58:25]} 31. Nxd4 {[%clk 0:20:41]}  Bxd4 {[%clk 0:58:49]} 32. Ra2 {[%clk 0:21:05]}  Rxc3 {[%clk 0:58:13]} 33. Kh2 {[%clk 0:21:07]}  a5 {[%clk 0:59:09]} 34. Rd2 {[%clk 0:21:28]}  e5 {[%clk 0:59:18]} 0-1

[Event "Masters Tournament (MTO)"]
[Site "Biel, CH"]
[Date "2025.07.14"]
[Round "1"]
[White "Schlegel, Igor"]
[Black "Oestmann, Lukas"]
[Result "1-0"]
[Board "27"]
[WhiteFideId "1334956"]
[BlackFideId "1326457"]
[WhiteTitle "FM"]
[WhiteElo "2275"]
[BlackElo "2007"]
[WhiteTeam "SUI"]
[BlackTeam "SUI"]
[WhiteClock "0:04:35"]
[BlackClock "0:08:01"]
[Variant "Standard"]

1. e4 {[%clk 1:40:58]}  c5 {[%clk 1:40:56]} 2. Nf3 {[%clk 1:41:18]}  e6 {[%clk 1:41:22]} 3. g3 {[%clk 1:41:35]}  d5 {[%clk 1:41:43]} 4. exd5 {[%clk 1:41:51]}  Qxd5 {[%clk 1:41:41]} 5. Bg2 {[%clk 1:37:15]}  Qe4+ {[%clk 1:35:10]} 6. Kf1 {[%clk 1:39:03]}  Nc6 {[%clk 1:05:02]} 7. d4 {[%clk 0:51:30]}  Nxd4 {[%clk 1:13:44]} 8. Nc3 {[%clk 0:51:38]}  Qxc2 {[%clk 1:11:57]} 9. Bf4 {[%clk 0:33:06]}  Bd7 {[%clk 0:47:07]} 10. Nxd4 {[%clk 0:50:45]}  Qxd1+ {[%clk 0:47:32]} 11. Rxd1 {[%clk 0:51:07]}  cxd4 {[%clk 0:47:59]} 12. Bxb7 {[%clk 0:51:28]}  Rd8 {[%clk 0:39:30]} 13. Rxd4 {[%clk 0:51:09]}  Bc5 {[%clk 0:39:36]} 14. Rd2 {[%clk 0:49:42]}  e5 {[%clk 0:30:10]} 15. Bxe5 {[%clk 0:46:46]}  Bh3+ {[%clk 0:29:33]} 16. Ke2 {[%clk 0:46:57]}  Rxd2+ {[%clk 0:29:14]} 17. Kxd2 {[%clk 0:47:21]}  f6 {[%clk 0:29:32]} 18. Ne4 {[%clk 0:46:26]}  Bb6 {[%clk 0:27:08]} 19. Bc3 {[%clk 0:41:26]}  Ne7 {[%clk 0:25:04]} 20. a4 {[%clk 0:37:49]}  O-O {[%clk 0:22:23]} 21. Re1 {[%clk 0:30:31]}  Rd8+ {[%clk 0:22:05]} 22. Kc1 {[%clk 0:30:46]}  Nd5 {[%clk 0:15:27]} 23. a5 {[%clk 0:20:13]}  Bc7 {[%clk 0:14:17]} 24. Bd2 {[%clk 0:20:31]}  Bg2 {[%clk 0:11:48]} 25. Nc5 {[%clk 0:16:24]}  Bd6 {[%clk 0:10:47]} 26. Ne6 {[%clk 0:09:52]}  Rd7 {[%clk 0:08:36]} 27. a6 {[%clk 0:04:37]}  Kf7 {[%clk 0:08:34]} 28. Bc6 {[%clk 0:04:23]}  Re7 {[%clk 0:08:44]} 29. Nd8+ {[%clk 0:04:03]}  Kf8 {[%clk 0:08:53]} 30. Ne6+ {[%clk 0:04:29]}  Kf7 {[%clk 0:09:07]} 31. Nd8+ {[%clk 0:04:45]}  Kf8 {[%clk 0:09:33]} 32. Nb7 {[%clk 0:03:25]}  Rc7 {[%clk 0:08:42]} 33. Re8+ {[%clk 0:03:48]}  Kf7 {[%clk 0:09:00]} 34. Nxd6+ {[%clk 0:04:12]}  Kg6 {[%clk 0:08:01]} 35. Rc8 {[%clk 0:04:35]} 1-0

[Event "Masters Tournament (MTO)"]
[Site "Biel, CH"]
[Date "2025.07.14"]
[Round "1"]
[White "He, Junchen"]
[Black "Vincenti, Leonardo"]
[Result "0-1"]
[Board "28"]
[WhiteFideId "8642427"]
[BlackFideId "28550820"]
[BlackTitle "CM"]
[WhiteElo "2007"]
[BlackElo "2265"]
[WhiteTeam "CHN"]
[BlackTeam "ITA"]
[WhiteClock "0:01:32"]
[BlackClock "0:01:37"]
[Variant "Standard"]

1. c4 {[%clk 1:40:55]}  e6 {[%clk 1:32:57]} 2. Nf3 {[%clk 1:41:07]}  d5 {[%clk 1:33:24]} 3. g3 {[%clk 1:41:31]}  Nf6 {[%clk 1:29:29]} 4. Bg2 {[%clk 1:41:53]}  dxc4 {[%clk 1:29:55]} 5. Qa4+ {[%clk 1:42:12]}  Bd7 {[%clk 1:30:23]} 6. Qxc4 {[%clk 1:42:33]}  c5 {[%clk 1:30:47]} 7. Qc2 {[%clk 1:42:33]}  Bc6 {[%clk 1:28:02]} 8. O-O {[%clk 1:42:21]}  Nbd7 {[%clk 1:28:14]} 9. d3 {[%clk 1:40:04]}  Be7 {[%clk 1:27:28]} 10. Nc3 {[%clk 1:36:36]}  O-O {[%clk 1:27:11]} 11. Bf4 {[%clk 1:33:57]}  Rc8 {[%clk 1:21:59]} 12. Rfd1 {[%clk 1:32:34]}  b5 {[%clk 1:15:35]} 13. b3 {[%clk 1:21:36]}  b4 {[%clk 0:56:56]} 14. Ne4 {[%clk 1:17:28]}  Nd5 {[%clk 0:32:20]} 15. Bc1 {[%clk 0:55:24]}  f5 {[%clk 0:41:01]} 16. Neg5 {[%clk 0:53:57]}  Nc7 {[%clk 0:40:26]} 17. d4 {[%clk 0:28:30]}  Bf6 {[%clk 0:26:55]} 18. e4 {[%clk 0:24:50]}  h6 {[%clk 0:22:53]} 19. Nh3 {[%clk 0:09:57]}  Bxe4 {[%clk 0:23:02]} 20. Qe2 {[%clk 0:09:57]}  Bxf3 {[%clk 0:09:30]} 21. Bxf3 {[%clk 0:09:48]}  cxd4 {[%clk 0:09:55]} 22. Bb2 {[%clk 0:07:47]}  e5 {[%clk 0:10:18]} 23. Qc4+ {[%clk 0:07:29]}  Kh8 {[%clk 0:10:41]} 24. Qxb4 {[%clk 0:05:10]}  e4 {[%clk 0:10:38]} 25. Bh5 {[%clk 0:02:41]}  d3 {[%clk 0:08:48]} 26. Bxf6 {[%clk 0:02:22]}  Nxf6 {[%clk 0:03:13]} 27. Bg6 {[%clk 0:02:36]}  Nfd5 {[%clk 0:01:35]} 28. Qd2 {[%clk 0:01:22]}  Qf6 {[%clk 0:01:19]} 29. Bh5 {[%clk 0:01:47]}  Nb5 {[%clk 0:01:08]} 30. Rac1 {[%clk 0:01:19]}  Nbc3 {[%clk 0:00:42]} 31. Re1 {[%clk 0:01:16]}  Kh7 {[%clk 0:01:05]} 32. Kg2 {[%clk 0:00:42]}  g6 {[%clk 0:01:04]} 33. Bd1 {[%clk 0:01:08]}  Rc6 {[%clk 0:00:37]} 34. a3 {[%clk 0:01:19]}  Rfc8 {[%clk 0:00:50]} 35. b4 {[%clk 0:01:26]}  Nxd1 {[%clk 0:01:01]} 36. Rexd1 {[%clk 0:01:26]}  Rc2 {[%clk 0:00:48]} 37. Rxc2 {[%clk 0:01:08]}  Rxc2 {[%clk 0:01:12]} 38. Qe1 {[%clk 0:01:22]}  Re2 {[%clk 0:01:31]} 39. Qg1 {[%clk 0:00:52]}  Ne3+ {[%clk 0:01:56]} 40. Kh1 {[%clk 0:01:16]}  Nxd1 {[%clk 0:02:22]} 41. Qxd1 {[%clk 0:01:32]}  Qc6 {[%clk 0:01:37]} 0-1

[Event "Masters Tournament (MTO)"]
[Site "Biel, CH"]
[Date "2025.07.14"]
[Round "1"]
[White "Deshpande, Aniruddha"]
[Black "Pisan, Kai"]
[Result "1-0"]
[Board "29"]
[WhiteFideId "5021774"]
[BlackFideId "39904881"]
[WhiteTitle "FM"]
[WhiteElo "2263"]
[BlackElo "1995"]
[WhiteTeam "IND"]
[BlackTeam "USA"]
[WhiteClock "0:12:42"]
[BlackClock "0:01:50"]
[Variant "Standard"]

1. c4 {[%clk 1:31:19]}  e6 {[%clk 1:40:19]} 2. g3 {[%clk 1:31:29]}  d5 {[%clk 1:39:34]} 3. Bg2 {[%clk 1:31:30]}  Nf6 {[%clk 1:38:28]} 4. Nf3 {[%clk 1:29:30]}  dxc4 {[%clk 1:36:44]} 5. O-O {[%clk 1:28:08]}  Nbd7 {[%clk 1:32:27]} 6. Qa4 {[%clk 1:21:42]}  a6 {[%clk 1:30:56]} 7. Qxc4 {[%clk 1:12:52]}  b5 {[%clk 1:30:31]} 8. Qc2 {[%clk 1:13:09]}  Bb7 {[%clk 1:29:29]} 9. a4 {[%clk 1:12:42]}  Bd6 {[%clk 1:19:19]} 10. axb5 {[%clk 1:08:26]}  axb5 {[%clk 1:19:34]} 11. Rxa8 {[%clk 1:08:35]}  Qxa8 {[%clk 1:18:43]} 12. Nc3 {[%clk 1:08:51]}  Bc6 {[%clk 1:12:54]} 13. d3 {[%clk 0:57:06]}  O-O {[%clk 0:59:34]} 14. Bd2 {[%clk 0:55:08]}  Qb7 {[%clk 0:53:01]} 15. e4 {[%clk 0:49:49]}  b4 {[%clk 0:47:00]} 16. Nd1 {[%clk 0:47:09]}  Ra8 {[%clk 0:43:10]} 17. Nd4 {[%clk 0:45:11]}  Ra6 {[%clk 0:38:51]} 18. Ne3 {[%clk 0:43:51]}  b3 {[%clk 0:35:54]} 19. Qd1 {[%clk 0:38:51]}  e5 {[%clk 0:25:33]} 20. Nxc6 {[%clk 0:37:19]}  Rxc6 {[%clk 0:23:45]} 21. Nc4 {[%clk 0:37:34]}  Qb5 {[%clk 0:23:02]} 22. Bc3 {[%clk 0:35:51]}  Nc5 {[%clk 0:20:12]} 23. Nxe5 {[%clk 0:25:59]}  Bxe5 {[%clk 0:20:00]} 24. Bxe5 {[%clk 0:26:23]}  Nxd3 {[%clk 0:14:48]} 25. Bc3 {[%clk 0:26:14]}  Nd7 {[%clk 0:09:20]} 26. Qe2 {[%clk 0:21:26]}  Rxc3 {[%clk 0:07:22]} 27. bxc3 {[%clk 0:21:26]}  N7c5 {[%clk 0:06:04]} 28. Rd1 {[%clk 0:15:50]}  b2 {[%clk 0:05:43]} 29. Qc2 {[%clk 0:14:11]}  Qb3 {[%clk 0:04:27]} 30. Qxb3 {[%clk 0:13:01]}  Nxb3 {[%clk 0:04:49]} 31. Bf1 {[%clk 0:13:23]}  Nbc1 {[%clk 0:03:19]} 32. Rxd3 {[%clk 0:11:58]}  Ne2+ {[%clk 0:01:39]} 33. Kg2 {[%clk 0:12:04]}  Kf8 {[%clk 0:01:27]} 34. Rd8+ {[%clk 0:12:20]}  Ke7 {[%clk 0:01:50]} 35. Rb8 {[%clk 0:12:42]} 1-0

[Event "Masters Tournament (MTO)"]
[Site "Biel, CH"]
[Date "2025.07.14"]
[Round "1"]
[White "Anetov, Amirzhan"]
[Black "Doluhanova, Evgeniya"]
[Result "1/2-1/2"]
[Board "30"]
[WhiteFideId "13784951"]
[BlackFideId "14112035"]
[BlackTitle "WGM"]
[WhiteElo "1993"]
[BlackElo "2256"]
[WhiteTeam "KAZ"]
[BlackTeam "UKR"]
[WhiteClock "0:20:35"]
[BlackClock "0:32:07"]
[Variant "Standard"]

1. e4 {[%clk 1:40:58]}  e5 {[%clk 1:40:56]} 2. Nf3 {[%clk 1:41:24]}  Nc6 {[%clk 1:41:22]} 3. Bb5 {[%clk 1:41:46]}  Nf6 {[%clk 1:41:44]} 4. O-O {[%clk 1:41:50]}  Nxe4 {[%clk 1:42:04]} 5. Re1 {[%clk 1:41:05]}  Nd6 {[%clk 1:42:01]} 6. Nxe5 {[%clk 1:41:33]}  Be7 {[%clk 1:41:09]} 7. Bf1 {[%clk 1:40:47]}  Nf5 {[%clk 1:40:29]} 8. Nxc6 {[%clk 1:40:13]}  dxc6 {[%clk 1:40:53]} 9. c3 {[%clk 1:39:17]}  c5 {[%clk 1:38:08]} 10. d3 {[%clk 1:30:04]}  O-O {[%clk 1:36:42]} 11. Bf4 {[%clk 1:19:39]}  a5 {[%clk 1:27:02]} 12. Nd2 {[%clk 1:26:54]}  Ra6 {[%clk 1:18:27]} 13. d4 {[%clk 1:23:56]}  Rg6 {[%clk 1:08:27]} 14. dxc5 {[%clk 1:21:42]}  Nh4 {[%clk 1:04:40]} 15. Bg3 {[%clk 1:14:17]}  Bg4 {[%clk 1:01:47]} 16. Qc2 {[%clk 1:07:25]}  Bf5 {[%clk 1:00:22]} 17. Qa4 {[%clk 1:04:51]}  Bxc5 {[%clk 0:53:30]} 18. Nb3 {[%clk 1:03:51]}  Rg4 {[%clk 0:52:56]} 19. Qxa5 {[%clk 1:01:34]}  Bb6 {[%clk 0:48:00]} 20. Bxh4 {[%clk 1:00:20]}  Qc8 {[%clk 0:45:55]} 21. Qe5 {[%clk 0:58:35]}  Rxh4 {[%clk 0:46:15]} 22. Rad1 {[%clk 0:59:02]}  Ra4 {[%clk 0:44:36]} 23. Nc1 {[%clk 0:51:30]}  Be6 {[%clk 0:42:53]} 24. Rd2 {[%clk 0:33:38]}  Ra5 {[%clk 0:41:11]} 25. Qf4 {[%clk 0:26:51]}  Rf5 {[%clk 0:39:14]} 26. Qh4 {[%clk 0:28:32]}  h6 {[%clk 0:38:52]} 27. Bc4 {[%clk 0:02:36]}  g5 {[%clk 0:32:07]} 28. Bxe6 {[%clk 0:20:35]} 1/2-1/2